[Event "Lyon"]
[Site "Lyon"]
[Date "1988.??.??"]
[Round "?"]
[White "Murrey, Jacob"]
[Black "Lobron, Eric"]
[Result "0-1"]
[WhiteElo "2535"]
[BlackElo "2490"]

1.e4 c5 2.Nf3 d6 3.d4 cxd4 4.Nxd4 Nf6 5.Nc3 Nc6 6.Bg5 e6 7.Qd2 a6 8.O-O-O h6
9.Be3 Bd7 10.f4 b5 11.Bd3 Be7 12.h3 Nxd4 13.Bxd4 b4 14.Ne2 a5 15.g4 Bc6 16.Ng3 d5
17.Qe2 Qb8 18.Rhf1 b3 19.cxb3 a4 20.Kb1 axb3 21.a3 O-O 22.Bxf6 Bxf6 23.g5 Bxg5
24.e5 Be7 25.f5 Bxa3 26.Rc1 Bxb2 27.Qxb2 Ra2 28.Qd4 Ra4 29.Qb2 Ra2 30.Qd4 Bd7
31.fxe6 Bxe6 32.Bf5 b2 33.Kxa2 bxc1=Q 34.Rxc1 Qa8+ 35.Kb3 Rb8+ 36.Kc2 Rc8+
37.Kd2 Rxc1 38.Bxe6 fxe6 39.Kxc1 Qa3+ 40.Qb2 Qxg3 41.Qb8+ Kh7  0-1

[Event "MEX-ch"]
[Site "Mexico"]
[Date "1988.??.??"]
[Round "12"]
[White "Sisniega, Marcel"]
[Black "Hernandez, Gilberto"]
[Result "1-0"]
[WhiteElo "2410"]
[BlackElo "2330"]

1.e4 c5 2.Nf3 d6 3.d4 cxd4 4.Nxd4 Nf6 5.Nc3 Nc6 6.Bg5 e6 7.Qd2 Be7 8.O-O-O O-O
9.Nb3 a6 10.Bxf6 gxf6 11.f4 Kh8 12.g3 b5 13.Ne2 Bb7 14.Bg2 a5 15.Kb1 b4 16.Rhe1 Qb6
17.Nbd4 Nb8 18.g4 Rg8 19.Bf3 Nc6 20.h4 a4 21.Nxc6 Bxc6 22.g5 Rad8 23.Ng3 Qc5
24.Qd4 Qxd4 25.Rxd4 fxg5 26.hxg5 e5 27.Nf5 Bf8 28.Rd2 exf4 29.Rg2 Re8 30.Rh1 Bxe4
31.Bxe4 Rxe4 32.Rgh2 Rg7 33.Kc1 Kg8 34.Nh6+ Kh8 35.Ng4 f5 36.Nf6 Ree7 37.g6 f3
38.Nxh7 Rxh7 39.Rxh7+ Kg8 40.Rxe7 Bxe7 41.Kd2 Bf6 42.Rh7 f4 43.Rb7 a3 44.bxa3 bxa3
45.Rb3 f2 46.Ke2 Bd4 47.Rxa3 Kg7 48.Rb3 Kxg6 49.a4 Kf7 50.Rb4 f3+ 51.Kf1 Bc5
52.Re4 Bb6 53.Rb4 Bc5 54.Rb5 Be3 55.Rb3 Bc5 56.Rb5 Be3 57.Rb3 Bc5 58.Rc3 Bd4
59.Rc4  1-0

[Event "URS-chT"]
[Site "Naberezhnie Chelni"]
[Date "1988.??.??"]
[Round "?"]
[White "Vitolinsh, Alvis"]
[Black "Makarov, Marat"]
[Result "1-0"]
[WhiteElo "2415"]
[BlackElo "2370"]

1.e4 c5 2.Nf3 Nc6 3.d4 cxd4 4.Nxd4 Nf6 5.Nc3 d6 6.Bg5 e6 7.Qd2 a6 8.O-O-O h6
9.Bh4 Nxe4 10.Qf4 g5 11.Qxe4 gxh4 12.Nxc6 bxc6 13.Qxc6+ Bd7 14.Qe4 Rb8 15.Bc4 Qb6
16.Bb3 Bg7 17.Qxh4 d5 18.Qg4 Bxc3 19.bxc3 a5 20.a4 Qxf2 21.Rhf1 Qe3+ 22.Kb2 Qg5
23.Qd4 Rg8 24.Qa7 Qd8 25.Qf2 Qe7 26.Rd4 Rb7 27.c4 dxc4 28.Rxc4 Kf8 29.Qd2 Rg6
30.Qxa5 Kg7 31.Qe5+ f6 32.Qe4 Be8 33.Rc8 Bf7 34.a5 Ra7 35.Ra8 Rxa8 36.Qxa8 Rg5
37.a6 Qd6 38.Qf3 Qd4+ 39.Qc3 Qxc3+ 40.Kxc3 Ra5 41.Bc4 e5 42.Be2 Rc5+ 43.Kb2 Bg6
44.c4 Be4 45.Bf3 Bxf3 46.Rxf3 Rxc4 47.a7 Rc8 48.Ra3 Ra8 49.Kc3 Kg6 50.Kc4 e4
51.Kc5 Kg5 52.Kb6 Kf4 53.Kb7 Rxa7+ 54.Rxa7 Ke3 55.Kc6 Kf2 56.Ra2+ Kf1 57.Kd5 e3
58.Ke6  1-0

[Event "Naestved op"]
[Site "Naestved"]
[Date "1988.??.??"]
[Round "9"]
[White "Hellers, Ferdinand"]
[Black "Wilder, Michael"]
[Result "1-0"]
[WhiteElo "2490"]
[BlackElo "2505"]

1.e4 c5 2.Nf3 d6 3.d4 cxd4 4.Nxd4 Nf6 5.Nc3 Nc6 6.Bg5 e6 7.Qd2 a6 8.O-O-O h6
9.Be3 Be7 10.f4 Nxd4 11.Qxd4 Qa5 12.Be2 e5 13.Qd3 Be6 14.Kb1 Rc8 15.Nd5 Bxd5
16.exd5 exf4 17.Bxf4 O-O 18.Rhf1 Rc5 19.Bd2 Qd8 20.Rf5 Re8 21.Rdf1 Nd7 22.Rxf7 Ne5
23.Qf5 Qc8 24.Qh5 Rxc2 25.Bxh6 g6 26.Rg7+  1-0

[Event "National op"]
[Site "?"]
[Date "1988.??.??"]
[Round "?"]
[White "Blocker, Calvin"]
[Black "Dlugy, Maxim"]
[Result "1/2-1/2"]
[WhiteElo "2390"]
[BlackElo "2550"]

1.e4 c5 2.Nf3 Nc6 3.d4 cxd4 4.Nxd4 Nf6 5.Nc3 d6 6.Bg5 e6 7.Qd2 a6 8.O-O-O h6
9.Bf4 Bd7 10.Nxc6 Bxc6 11.f3 d5 12.Qe1 Bb4 13.a3 Ba5 14.exd5 Nxd5 15.Bd2 Qe7
16.Nxd5 Bxd2+ 17.Rxd2 Bxd5 18.Qe3 Rc8 19.Bd3 Qc5 20.Qxc5 Rxc5 21.c4 Rc7 22.Rc2 Bc6
23.b3 Ke7 24.Rd1 g5 25.Kb2 Rg8 26.Re2 Rd7 27.Bc2 Rxd1 28.Bxd1 f5 29.b4 g4
30.Rd2 gxf3 31.Bxf3 Bxf3 32.gxf3 Rg1 33.c5 Rf1 34.Rd3 Rf2+ 35.Kb3 Rxh2 36.Ka4 Rg2
37.Ka5 Rg7 38.c6 bxc6 39.Kxa6 e5 40.Kb7 e4 41.fxe4 fxe4 42.Rd1 Rg3 43.a4 Ra3
44.a5 c5 45.a6 cxb4 46.Rd4 Kf6 47.Rxe4 h5 48.Rxb4 Kg5 49.Kb6 Rxa6+ 50.Kxa6 h4
51.Rb8  1/2-1/2

[Event "Novi Sad op"]
[Site "Novi Sad"]
[Date "1988.??.??"]
[Round "7"]
[White "Miranovic, Rajko"]
[Black "Nikolic, Sinisa"]
[Result "1-0"]
[WhiteElo "2330"]
[BlackElo "2250"]

1.e4 c5 2.Nf3 d6 3.d4 cxd4 4.Nxd4 Nf6 5.Nc3 Nc6 6.Bg5 e6 7.Qd2 a6 8.O-O-O h6
9.Be3 Be7 10.f4 Nxd4 11.Bxd4 b5 12.Be2 Bb7 13.Bf3 b4 14.Na4 Nxe4 15.Qe3 f5
16.Bxg7 Rh7 17.Bh5+ Kd7 18.Bd4 Qa5 19.Nb6+ Kc7 20.Kb1 e5 21.fxe5 dxe5 22.Nxa8+ Bxa8
23.Ba7 Bg5 24.Qb3 Kb7 25.Be3 f4 26.Bg6  1-0

[Event "Paris-ch"]
[Site "Paris"]
[Date "1988.??.??"]
[Round "4"]
[White "Sellos, Didier"]
[Black "Giffard, Nicolas"]
[Result "1-0"]
[WhiteElo "2360"]
[BlackElo "2310"]

1.e4 c5 2.Nf3 d6 3.d4 cxd4 4.Nxd4 Nf6 5.Nc3 Nc6 6.Bg5 e6 7.Qd2 Be7 8.O-O-O O-O
9.f4 h6 10.Bh4 e5 11.Nf5 Bxf5 12.exf5 exf4 13.Qxf4 d5 14.Kb1 d4 15.Bxf6 Bxf6
16.Ne4 Be5 17.Qg4 Qc8 18.Qh5 Nb4 19.Bd3 f6 20.Qf3 Qc6 21.Nd2 Nd5 22.Be4 Rfd8
23.Nb3 Qc4 24.Qd3 Qxd3 25.Rxd3 Rab8 26.g3 Ne3 27.Re1 b6 28.c3 Ng4 29.cxd4 Nf2
30.Rf3 Nxe4 31.Rxe4 Bd6 32.Re6 Rb7 33.h3 Rbd7 34.g4 Bf8 35.Rc3 Bd6 36.Rc6 Bg3
37.Re2 Bf4 38.Kc2 Bg3 39.Kc3 Bc7 40.a4 Bg3 41.Kc4 Kf7 42.Re4 h5 43.Nc1 hxg4
44.hxg4 Kg8 45.Ne2 Bf2 46.Kd3 Kf7 47.Rc1 g5 48.Rf1 Bh4 49.Re6 Kg7 50.Ke3 Kf7
51.Rc1 Rh8 52.Rcc6 Rh6 53.Nc3 Bg3 54.Ne4 Bf4+ 55.Kd3 Be5 56.Rxe5 Rh3+ 57.Kc4 fxe5
58.Nxg5+ Ke8  1-0

[Event "Paris-ch"]
[Site "Paris"]
[Date "1988.??.??"]
[Round "8"]
[White "Hebden, Mark"]
[Black "Giffard, Nicolas"]
[Result "1-0"]
[WhiteElo "2475"]
[BlackElo "2310"]

1.e4 c5 2.Nf3 Nc6 3.d4 cxd4 4.Nxd4 d6 5.Nc3 Nf6 6.Bg5 e6 7.Qd2 Be7 8.O-O-O O-O
9.Nb3 Qb6 10.f3 Rd8 11.h4 a6 12.g4 Qc7 13.Be3 d5 14.exd5 Nxd5 15.Nxd5 Rxd5
16.Qe2 Rxd1+ 17.Qxd1 Bd7 18.Kb1 Nb4 19.c3 Nd5 20.Bg5 f6 21.Bc1 Rd8 22.Bd3 Nb4
23.cxb4 Bb5 24.Nd4 Rxd4 25.Bxh7+ Kxh7 26.Qxd4 Qc4 27.Qxc4 Bxc4 28.Bd2 e5
29.Re1 Bd6 30.Kc2 Bd5 31.Re3 Bc6 32.b3 Bb8 33.Rc3 Kg6 34.h5+ Kf7 35.Rxc6 bxc6
36.Kd3 Ke6 37.Ke4 Bd6 38.a3 Bc7 39.Be3 Bd6 40.Bc5 Bc7 41.a4 Bd8 42.Bf8 Kf7
43.Bd6 Ke6 44.Bc5 Bc7 45.Kd3 f5 46.gxf5+ Kxf5 47.Bf8 Kf6 48.Kc4 Bb6 49.Bc5 Bc7
50.Be3  1-0

[Event "Reykjavik op"]
[Site "Reykjavik"]
[Date "1988.??.??"]
[Round "?"]
[White "Bergsson, Snorri"]
[Black "Gausel, Einar"]
[Result "0-1"]
[WhiteElo "2110"]
[BlackElo "2360"]

1.e4 c5 2.Nf3 Nc6 3.d4 cxd4 4.Nxd4 Nf6 5.Nc3 d6 6.Bg5 Bd7 7.Be2 Rc8 8.Nb3 a6
9.O-O e6 10.a4 Na5 11.Nxa5 Qxa5 12.Bd2 Qc7 13.Be3 Bc6 14.f3 d5 15.exd5 Nxd5
16.Nxd5 Bxd5 17.c4 Bc6 18.Qb3 Bd6 19.f4 Qe7 20.Qc3 Bc5 21.Bxc5 Qxc5+ 22.Kh1 O-O
23.b4 Qf5 24.Qe3 a5 25.b5 Be4 26.Rfd1 Qg6 27.Bf1 Rxc4 28.Rd4 Rxd4 29.Qxd4 Qf6
30.Rd1 Qxd4 31.Rxd4 Bd5 32.h4 Rc8 33.Bd3 b6 34.Kg1 g6 35.Kf2 Rc3 36.g4 Rc5
37.h5 Kg7 38.hxg6 hxg6 39.g5 Kf8 40.Ke3 Ke7 41.Be4 Kd6 42.Bxd5 exd5 43.f5 Rc3+
44.Kd2 Rc4  0-1

[Event "Riga"]
[Site "Riga"]
[Date "1988.??.??"]
[Round "?"]
[White "Klovans, Janis"]
[Black "Aseev, Konstantin N"]
[Result "0-1"]
[WhiteElo "2400"]
[BlackElo "2445"]

1.e4 c5 2.Nf3 d6 3.d4 cxd4 4.Nxd4 Nf6 5.Nc3 Nc6 6.Bg5 e6 7.Qd2 Be7 8.O-O-O O-O
9.Nb3 a6 10.Bxf6 gxf6 11.f4 Kh8 12.f5 Rg8 13.g3 b5 14.Ne2 Ne5 15.Nf4 Bf8
16.Nd4 Bh6 17.Kb1 Qe8 18.fxe6 fxe6 19.Bh3 Ng4 20.Bxg4 Rxg4 21.Qe2 Rg8 22.Nh5 Rg6
23.Rhf1 Qe7 24.Qd3 Bb7 25.Nf3 Bf8 26.Nf4 Rg4 27.Nd4 Rc8 28.Ndxe6 Rxf4 29.Nxf4 Bxe4
30.Qd2 Bxc2+ 31.Qxc2 Rxc2 32.Kxc2 Qe4+ 33.Nd3 f5 34.Kb1 Qe2 35.h3 Kg8 36.g4 fxg4
37.hxg4 Bg7 38.Rg1 Bd4 39.Rgf1 Qxg4 40.a3 Qg2 41.Rc1 Qd2 42.Rfd1 Qe2 43.Ka2 h5
44.Rb1 Qe6+ 45.Ka1 Qe3 46.Rbc1 Qe2 47.Rb1 h4  0-1

[Event "Sarajevo"]
[Site "Sarajevo"]
[Date "1988.??.??"]
[Round "?"]
[White "Marjanovic, Slavoljub"]
[Black "Kozul, Zdenko"]
[Result "0-1"]
[WhiteElo "2480"]
[BlackElo "2470"]

1.e4 c5 2.Nf3 d6 3.d4 cxd4 4.Nxd4 Nf6 5.Nc3 Nc6 6.Bg5 e6 7.Qd2 a6 8.O-O-O Bd7
9.f4 b5 10.Bxf6 gxf6 11.Kb1 Qb6 12.Nce2 Na5 13.b3 Nb7 14.g3 Nc5 15.Bg2 Rd8
16.f5 e5 17.Nc3 Rc8 18.Nd5 Qd8 19.Ne2 h5 20.h4 Bh6 21.Qe1 Bc6 22.Nec3 a5
23.Qe2 Rb8 24.Qxh5 b4 25.Ne2 a4 26.Nc1 axb3 27.cxb3 Ra8 28.Rhe1 Bxd5 29.Rxd5 Qa5
30.Re2 Ke7 31.Qf3 Rhc8 32.Rc2 Bxc1 33.Kxc1 Qxa2 34.Rxa2 Nd3+ 35.Kd2 Rxa2+
36.Ke3 Ne1 37.Qe2 Nxg2+ 38.Kf2 Rcc2 39.Qxc2 Rxc2+ 40.Kf3 Ne1+  0-1

[Event "SCO-ch"]
[Site "?"]
[Date "1988.??.??"]
[Round "?"]
[White "Mannion, Stephen R"]
[Black "Muir, Andrew J"]
[Result "1-0"]
[WhiteElo "2280"]
[BlackElo "2225"]

1.e4 c5 2.Nf3 Nc6 3.d4 cxd4 4.Nxd4 Nf6 5.Nc3 d6 6.Bg5 e6 7.Qd2 Be7 8.O-O-O O-O
9.Nb3 Qb6 10.f3 a6 11.h4 Rd8 12.Be3 Qc7 13.Qf2 Nd7 14.g4 b5 15.g5 Nce5 16.h5 Bb7
17.g6 Bf6 18.gxf7+ Kxf7 19.a3 Nc4 20.Bd4 Rac8 21.Bxf6 Nxf6 22.Bxc4 Qxc4 23.Na5 Qc7
24.Nxb7 Qxb7 25.Qg3 b4 26.axb4 Qxb4 27.Rdg1 Ne8 28.Qf4+ Kg8 29.h6 Rd7 30.hxg7 Rxg7
31.Qh6 Kf7 32.Qh5+ Kf8 33.Rxg7 Nxg7 34.Qxh7 Rxc3 35.bxc3 Qxc3 36.Qh8+ Kf7
37.Qb8 Qxf3 38.Re1 Qf2 39.Qb4 Ne8 40.Rd1 Qe2 41.Qb7+ Kf6 42.Qc6 Qb5 43.Qc3+ Ke7
44.Rg1 Qa4 45.Rg4 Qb5 46.Qe3 Qa5 47.Rh4 Nf6 48.Qa7+ Nd7 49.Rh7+ Kf6 50.Qf2+ Kg6
51.Qf7+  1-0

[Event "URS-FL56"]
[Site "Simferopol"]
[Date "1988.??.??"]
[Round "?"]
[White "Yurtaev, Leonid"]
[Black "Lerner, Konstantin Z"]
[Result "1/2-1/2"]
[WhiteElo "2485"]
[BlackElo "2530"]

1.e4 c5 2.Nf3 d6 3.d4 cxd4 4.Nxd4 Nf6 5.Nc3 Nc6 6.Bg5 e6 7.Qd3 Be7 8.Rd1 O-O
9.Be2 d5 10.exd5 Nxd5 11.Bxe7 Qxe7 12.Nxd5 exd5 13.Nxc6 bxc6 14.O-O  1/2-1/2

[Event "URS-FL56"]
[Site "Simferopol"]
[Date "1988.??.??"]
[Round "?"]
[White "Dvoirys, Semen I"]
[Black "Lerner, Konstantin Z"]
[Result "0-1"]
[WhiteElo "2440"]
[BlackElo "2530"]

1.e4 c5 2.Nf3 d6 3.d4 cxd4 4.Nxd4 Nf6 5.Nc3 Nc6 6.Bg5 e6 7.Qd2 a6 8.O-O-O h6
9.Be3 Be7 10.f4 Bd7 11.Be2 b5 12.a3 Rc8 13.Nb3 b4 14.axb4 Nxb4 15.Bf3 e5
16.fxe5 dxe5 17.Qf2 Qc7 18.Rd2 O-O 19.Bb6 Qc4 20.Ba5 Be6 21.Be2 Qc6 22.Qa7 Rfe8
23.Bf3 Bxb3 24.cxb3 Bc5  0-1

[Event "URS-FL56"]
[Site "Simferopol"]
[Date "1988.??.??"]
[Round "?"]
[White "Dvoirys, Semen I"]
[Black "Kovalev, Andrei"]
[Result "1-0"]
[WhiteElo "2440"]
[BlackElo "2440"]

1.e4 c5 2.Nf3 Nc6 3.d4 cxd4 4.Nxd4 Nf6 5.Nc3 d6 6.Bg5 e6 7.Qd2 a6 8.O-O-O h6
9.Be3 Be7 10.f4 Nxd4 11.Bxd4 b5 12.Bd3 b4 13.Na4 Rb8 14.e5 Nd5 15.Bc4 O-O
16.Qf2 Bd7 17.Bxd5 exd5 18.exd6 Bxd6 19.Nc5 Bg4 20.Qg3 Qc8 21.h3 Bxc5 22.hxg4 Bxd4
23.Rxd4 Qc5 24.Rhd1 Rbc8 25.R1d2 Rfe8 26.Rxd5 Qc4 27.b3 Qe4 28.Qf3 Qe1+ 29.Rd1 Qe7
30.Re5 Qf6 31.Rxe8+ Rxe8 32.Kb1 a5 33.g3 Qg6 34.Rh1 Rc8 35.Qd1 Rc3 36.Rg1 Qf6
37.g5 hxg5 38.Qd7 Qc6 39.Qd8+ Kh7 40.Qxg5 Qe4 41.Qh4+ Kg8 42.Qd8+ Kh7 43.Qd1 Rc8
44.Re1 Qc6 45.Re5 a4 46.bxa4 Qxa4 47.Qd3+ Kg8 48.Qb3 Qd7 49.Rd5 Qa7 50.Rd1 Re8
51.g4 Qf2 52.Qxb4 Rc8 53.Qe4 Qg3 54.Qd4 Qg2 55.Rc1 Qf3 56.Ka1 Qa3 57.Rb1 Qf3
58.f5 Qe2 59.Rc1 Qg2 60.Qd1 Qh3 61.Qd4 Qg2 62.f6 gxf6 63.g5 f5 64.Qb2 f4
65.c4 f3 66.Qxg2 fxg2 67.Rg1 Rxc4 68.Rxg2 Kg7 69.Kb2 f6 70.gxf6+ Kxf6 71.Kb3 Re4
72.a4 Ke7 73.Rd2 Re6 74.a5 Rd6 75.Ra2 Ra6 76.Kb4 Kd7 77.Kb5 Ra8 78.a6 Kc7
79.Rc2+ Kd7 80.Rh2 Rb8+ 81.Ka5 Rb1 82.a7 Ra1+ 83.Kb6 Rb1+ 84.Kc5 Rc1+ 85.Kb4 Rc8
86.Rd2+  1-0

[Event "Sochi"]
[Site "Sochi"]
[Date "1988.??.??"]
[Round "?"]
[White "Watson, William N"]
[Black "Arnason, Jon L"]
[Result "1/2-1/2"]
[WhiteElo "2500"]
[BlackElo "2590"]

1.e4 c5 2.Nf3 d6 3.d4 cxd4 4.Nxd4 Nf6 5.Nc3 Nc6 6.Bg5 e6 7.Qd2 a6 8.O-O-O h6
9.Bf4 Bd7 10.Nxc6 Bxc6 11.Qe2 Qa5 12.Bxd6 Bxd6 13.Rxd6 Qb4 14.Rd2 Nxe4 15.Nxe4 Qxe4
16.Qxe4 Bxe4 17.f3  1/2-1/2

[Event "Sochi"]
[Site "Sochi"]
[Date "1988.??.??"]
[Round "?"]
[White "Arnason, Jon L"]
[Black "Vaisser, Anatoli"]
[Result "1-0"]
[WhiteElo "2590"]
[BlackElo "2530"]

1.e4 c5 2.Nf3 Nc6 3.d4 cxd4 4.Nxd4 Nf6 5.Nc3 d6 6.Bg5 e6 7.Qd2 Be7 8.O-O-O Nxd4
9.Qxd4 O-O 10.h4 Qa5 11.Kb1 h6 12.Bc1 Rd8 13.f3 d5 14.e5 Nd7 15.Rh3 Qc5 16.Qf4 d4
17.Rxd4 Nxe5 18.Be3 Ng6 19.Rxd8+ Bxd8 20.Qxf7+ Kxf7 21.Bxc5 Nxh4 22.Ne4 b6
23.Nd6+ Kg8 24.Bf2 Ng6 25.Bb5 Nf4 26.Rh2 Be7 27.Nxc8 Rxc8 28.g3 Rd8 29.Rh1 Nh3
30.Be3 Ng5 31.Be2 Rf8 32.Rf1 Bd6 33.Bxg5 hxg5 34.g4 Kf7 35.Bc4 Ke7 36.a3 Rf4
37.Bd3 Rf8 38.Be4 Rd8 39.Ka2 Be5 40.Kb3 Rd2 41.Rh1 Rd8 42.Re1 Rd4 43.Rb1 a5
44.c3 a4+ 45.Kc2 Rc4 46.Rd1 Rc5 47.Bd3 b5 48.Rh1 Kd7 49.Rh8 Ke7 50.Rg8 Kd7
51.Bg6 Rd5 52.Ra8 Bc7 53.Be8+ Kd6 54.Ra6+ Ke7 55.Ra7 Kd8 56.Rb7 Kxe8 57.Rxc7 Kf8
58.b3 axb3+ 59.Kxb3 Rd1 60.Rb7 Rb1+ 61.Kc2 Rf1 62.Rxb5 Rxf3 63.a4 Rf1 64.Kb2 Rf2+
65.Kb3 Rf1 66.Rb4 Ke7 67.a5 Kd6 68.a6 Kc7 69.a7 Rf8 70.Ra4 Kb7 71.Kc4 Ra8
72.Kd4 Rd8+ 73.Ke5 Ka8 74.Kxe6 Rf8 75.Ra5 Rc8 76.Rxg5 Rxc3 77.Ra5 Rf3 78.g5 g6
79.Ke7 Rf1 80.Ra6 Rf5 81.Rxg6 Kxa7 82.Rg8  1-0

[Event "Stara Pazova"]
[Site "Stara Pazova"]
[Date "1988.??.??"]
[Round "10"]
[White "Tringov, Georgi P"]
[Black "Popovic, Petar"]
[Result "0-1"]
[WhiteElo "2430"]
[BlackElo "2530"]

1.e4 c5 2.Nf3 d6 3.d4 cxd4 4.Nxd4 Nf6 5.Nc3 Nc6 6.Bg5 e6 7.Qd2 Be7 8.O-O-O O-O
9.f3 a6 10.h4 Qc7 11.g4 Rd8 12.Kb1 Rb8 13.Be3 Nxd4 14.Bxd4 b5 15.g5 Nd7 16.Qg2 b4
17.Ne2 e5 18.Be3 Nc5 19.Nc1 Be6 20.h5 Na4 21.f4 Nxb2 22.Kxb2 Qc3+ 23.Kb1 Qxe3
24.f5 b3 25.cxb3 Bxb3 26.axb3 Rxb3+ 27.Nxb3 Qxb3+ 28.Kc1 Rc8+ 29.Kd2 Rc2+
30.Ke1 Rxg2 31.Bxg2 Bxg5 32.Rh3 Be3 33.Rd5 Qb4+ 34.Ke2 Bd4 35.Rd3 h6 36.Bf1 a5
37.Rd1 a4 38.Kf3 a3 39.Rb5 Qc3+ 40.Bd3 a2 41.Rb8+ Kh7 42.Ra8 Qb3  0-1

[Event "Stara Pazova"]
[Site "Stara Pazova"]
[Date "1988.??.??"]
[Round "12"]
[White "Ivanovic, Bozidar"]
[Black "Plachetka, Jan"]
[Result "1-0"]
[WhiteElo "2540"]
[BlackElo "2400"]

1.e4 c5 2.Nf3 Nc6 3.d4 cxd4 4.Nxd4 Nf6 5.Nc3 d6 6.Bg5 Qb6 7.Nb3 e6 8.Bd3 Be7
9.O-O a6 10.a4 Na5 11.Nxa5 Qxa5 12.Bd2 Qh5 13.Qe1 Ng4 14.h3 Ne5 15.Be2 Qh4
16.Qd1 g5 17.f4 gxf4 18.Rxf4 Qg3 19.Bg4 Ng6 20.Ne2 Qh4 21.g3 Qg5 22.Rf5 Qxd2
23.Qxd2 exf5 24.Bxf5 Ne5 25.Rf1  1-0

[Event "DDR-ch (Women)"]
[Site "Stralsund"]
[Date "1988.??.??"]
[Round "6"]
[White "Jahn, Constanze"]
[Black "Broeder, Iris"]
[Result "1/2-1/2"]
[WhiteElo "2210"]
[BlackElo "2205"]

1.e4 c5 2.Nf3 Nc6 3.d4 cxd4 4.Nxd4 Nf6 5.Nc3 d6 6.Bg5 e6 7.Qd2 a6 8.O-O-O h6
9.Bf4 Bd7 10.Bxd6 Bxd6 11.Nxc6 Bxc6 12.Qxd6 Qxd6 13.Rxd6 Nxe4 14.Nxe4 Bxe4
15.f3 Bc6 16.Bc4 Ke7 17.Rhd1 Rhd8 18.Rxd8  1/2-1/2

[Event "Tbilisi"]
[Site "Tbilisi"]
[Date "1988.??.??"]
[Round "?"]
[White "Prandstetter, Eduard"]
[Black "Kozul, Zdenko"]
[Result "1-0"]
[WhiteElo "2415"]
[BlackElo "2505"]

1.e4 c5 2.Nf3 d6 3.d4 cxd4 4.Nxd4 Nf6 5.Nc3 Nc6 6.Bg5 e6 7.Qd2 a6 8.O-O-O Bd7
9.f4 b5 10.Bxf6 gxf6 11.f5 h5 12.Kb1 Qb6 13.Nxc6 Qxc6 14.Bd3 b4 15.Ne2 Qc5
16.fxe6 fxe6 17.e5 Qxe5 18.Rhe1 Bh6 19.Qxb4 Ke7 20.Nd4 Be3 21.Rxe3 Qxe3 22.Re1 Rhb8
23.Qc3 Qf2 24.Nf5+ Kd8 25.Nxd6 e5 26.b3 Rb6 27.Ne4 Qd4 28.Qd2 Kc7 29.Qe2 f5
30.c3 Qd5 31.Bc2 Rg8 32.c4 Qc6 33.Nc3 Rxg2 34.Qxe5+ Kb7 35.Nd5 Qxc4 36.Ne3 Qc6
37.Nxg2 Qxg2 38.Bxf5 Bxf5+ 39.Qxf5 Rc6  1-0

[Event "Tel Aviv"]
[Site "Tel Aviv"]
[Date "1988.??.??"]
[Round "?"]
[White "Hodgson, Julian M"]
[Black "Csom, Istvan"]
[Result "1-0"]
[WhiteElo "2480"]
[BlackElo "2495"]

1.e4 c5 2.Nf3 d6 3.d4 cxd4 4.Nxd4 Nf6 5.Nc3 Nc6 6.Bg5 e6 7.Qd2 a6 8.O-O-O h6
9.Be3 Bd7 10.f4 b5 11.Bd3 Be7 12.Kb1 Qc7 13.h3 Na5 14.g4 b4 15.Nce2 Nc4 16.Bxc4 Qxc4
17.Ng3 a5 18.Rhf1 Qa6 19.g5 hxg5 20.fxg5 Nh5 21.Nxh5 Rxh5 22.e5 g6 23.exd6 Bxd6
24.Bf4 e5 25.Bxe5 Bxe5 26.Qe3 Bxh3 27.Qxe5+ Kf8 28.Rf6 Qb7 29.Nc6 Bg2 30.Nd8  1-0

[Event "Thessaloniki ol (Men)"]
[Site "Thessaloniki"]
[Date "1988.??.??"]
[Round "2"]
[White "Rodriguez, Amador"]
[Black "Wittmann, Walter"]
[Result "1/2-1/2"]
[WhiteElo "2550"]
[BlackElo "2400"]

1.e4 c5 2.Nf3 Nc6 3.d4 cxd4 4.Nxd4 Nf6 5.Nc3 d6 6.Bg5 e6 7.Qd2 Be7 8.O-O-O O-O
9.Nb3 Qb6 10.f3 Rd8 11.Be3 Qc7 12.Qf2 d5 13.exd5 Nxd5 14.Nxd5 Rxd5 15.Rxd5 exd5
16.g4 Ne5 17.Kb1 Nc4 18.Bd4 Qf4 19.Bd3 b6 20.Qe2 Be6 21.c3 Bd6 22.Bc2 Re8
23.Bf2 Qf6 24.h4 Be5 25.Nd4 Qf4 26.Rd1 Bd7 27.Qd3 g6 28.Ne2 Qh2 29.Bg1 Qxh4
30.Qxd5 Be6 31.Qd3 Bf6 32.Nd4 Bd5 33.Nf5 gxf5 34.Qxd5 Rd8 35.Qxc4 Rxd1+ 36.Bxd1 Qe1
37.Kc2 Qxg1 38.Qc8+ Kg7 39.Qxf5 Qc5 40.Qxc5 bxc5 41.Kd3 Bg5 42.Kc4 Bc1 43.b3 Bd2
44.Bc2 h6 45.Kxc5 Bxc3 46.b4 Kf6 47.b5 Ba5 48.Kd6 Bb4+ 49.Kd7 Ke5 50.a4 Kd4
51.Be4 Kc4 52.Ke8 f6 53.Kf7 Bc3 54.Kg6 Kb3 55.Bc6 Bd4 56.a5 Kb4 57.a6 Kc5
58.Kxh6 Kd6 59.Kg6 Ke5 60.Kf7 Bb6 61.Bd7  1/2-1/2

[Event "Thessaloniki ol (Men)"]
[Site "Thessaloniki"]
[Date "1988.??.??"]
[Round "5"]
[White "Sax, Gyula"]
[Black "Inkiov, Ventzislav"]
[Result "1-0"]
[WhiteElo "2600"]
[BlackElo "2485"]

1.e4 c5 2.Nf3 d6 3.d4 cxd4 4.Nxd4 Nf6 5.Nc3 Nc6 6.Bg5 e6 7.Qd2 Be7 8.O-O-O O-O
9.Nb3 a6 10.f4 Qb6 11.Bxf6 Bxf6 12.Qxd6 Bxc3 13.bxc3 Qe3+ 14.Kb2 Qxe4 15.Bd3 Qxg2
16.Rhg1 Qh3 17.Rxg7+ Kxg7 18.Rg1+ Kf6 19.Nc5 Qe3 20.Qxf8 Qxg1 21.Ne4+ Kf5  1-0

[Event "Thessaloniki ol (Men)"]
[Site "Thessaloniki"]
[Date "1988.??.??"]
[Round "6"]
[White "Arnason, Jon L"]
[Black "Sosonko, Gennadi"]
[Result "1/2-1/2"]
[WhiteElo "2535"]
[BlackElo "2540"]

1.e4 c5 2.Nf3 Nc6 3.d4 cxd4 4.Nxd4 Nf6 5.Nc3 d6 6.Bg5 e6 7.Qd2 Be7 8.O-O-O Nxd4
9.Qxd4 O-O 10.h4 h6 11.Bd2 e5 12.Qd3 Be6 13.f3 Rc8 14.Be1 Qc7 15.Qe2 h5 16.g3 Rcd8
17.Nd5 Nxd5 18.exd5 Bf5 19.g4 Bg6 20.Qg2 Rc8 21.Bd3 hxg4 22.fxg4 Bxd3 23.Rxd3 Qc4
24.Kb1  1/2-1/2

[Event "Thessaloniki ol (Men)"]
[Site "Thessaloniki"]
[Date "1988.??.??"]
[Round "9"]
[White "Rodriguez, Ruben"]
[Black "Piket, Jeroen"]
[Result "0-1"]
[WhiteElo "2405"]
[BlackElo "2495"]

1.e4 c5 2.Nf3 d6 3.d4 cxd4 4.Nxd4 Nf6 5.Nc3 Nc6 6.Bg5 e6 7.Qd2 Be7 8.O-O-O O-O
9.Nb3 Qb6 10.f3 Rd8 11.Be3 Qc7 12.Qf2 Nd7 13.Nb5 Qb8 14.Qg3 Nf8 15.h4 a6
16.N5d4 Qc7 17.h5 Nxd4 18.Nxd4 Bf6 19.f4 e5 20.Ne2 b5 21.Qf2 Bg4 22.Bb6 Qc6
23.Bxd8 Rxd8 24.Rd2 Qxe4 25.Nc3 Qxf4 26.Qxf4 exf4 27.Be2 Bxc3 28.bxc3 Bxe2
29.Rxe2 Ne6 30.Rd1 Kf8 31.Rd5 g6 32.hxg6 hxg6 33.Kb2 Ke7 34.c4 bxc4 35.Kc3 Kd7
36.Ra5 Nc5 37.Kxc4 Rc8 38.Kd5 Rh8 39.Ra3 Rh5+ 40.Kc4 Rf5 41.Rh3 g5 42.Rh8 f3
43.gxf3 Rf4+ 44.Kc3 Rxf3+ 45.Kb4 Rf4+ 46.c4 Nd3+ 47.Ka5 Rxc4 48.Kxa6 g4 49.Rd2 Rc3
50.a4 Rb3 51.a5 f5 52.Ka7 f4 53.Rg8 g3 54.a6 Nc5 55.Rd4 Ra3 56.Rxf4 Rxa6+
57.Kb8 Rb6+ 58.Ka7 Ra6+ 59.Kb8 Rb6+ 60.Ka7 Rb7+ 61.Ka8 Rb3 62.Rfg4 Ra3+ 63.Kb8 Kc6
64.Rc8+ Kd5 65.Re8 Nd7+ 66.Kb7 Nf6 67.Rg5+ Kd4 68.Re6 Ne4 69.Rg4 d5 70.Kc6 Rf3
71.Kb5 Rf5 72.Ra6 Ke5 73.Ra3 Rf4 74.Rg8 Nd6+ 75.Kc6 Rc4+ 76.Kd7 Ne4 77.Re8+ Kd4
78.Re7 Nc5+ 79.Kd6 Ne4+ 80.Kd7 Nc5+ 81.Kd6 g2 82.Rg7 Ne4+ 83.Ke6 Rc6+ 84.Kd7 Rc2
85.Ra1 Ke3 86.Ke6 Nc3 87.Rg1 Kf3 88.Ke5 Rd2 89.Rf7+ Kg3 90.Rg7+ Kh2 91.Ra1 Nd1
92.Ra8 d4 93.Rh8+ Kg1 94.Rd8 d3 95.Ke4 Nb2 96.Kd4 Rf2 97.Kc3 Kf1 98.Rdg8 d2
99.Rxg2 Rxg2 100.Rxg2 d1=Q 101.Rxb2 Qd5  0-1

[Event "Tirnavia-B"]
[Site "Trnava"]
[Date "1988.??.??"]
[Round "4"]
[White "Diaz, Joaquin C"]
[Black "Robatsch, Karl"]
[Result "0-1"]
[WhiteElo "2485"]
[BlackElo "2415"]

1.e4 c5 2.Nf3 d6 3.d4 cxd4 4.Nxd4 Nf6 5.Nc3 Nc6 6.Bg5 Bd7 7.Qd2 Rc8 8.O-O-O Nxd4
9.Qxd4 Qa5 10.Bd2 a6 11.f3 g6 12.Kb1 Bg7 13.Nd5 Qa4 14.Qxa4 Bxa4 15.b3 Nxd5
16.exd5 Bd7 17.Bg5 Bf5 18.Bd3 Bxd3 19.Rxd3 Rc3 20.Rd2 h6 21.Bh4 Kd7 22.Re2 Re8
23.Rd1 b5 24.Bg3 Bf6 25.Bf4 h5 26.Bd2 Rc7 27.Ba5 Rb7 28.a3 h4 29.Re4 Rh8
30.Rd3 Rh5 31.f4 g5 32.Bc3 Bxc3 33.Rxc3 gxf4 34.Rxf4 Rxd5 35.Rxf7 Rd2 36.Rh7 Rxg2
37.Rxh4 Rc7 38.Rxc7+ Kxc7 39.Rh8 e5 40.h4 Rh2 41.h5 Kc6 42.h6 Kd5 43.h7 Ke4
44.Rd8 Rxh7 45.Rxd6 Ra7 46.Re6 Kf5 47.Rc6 e4 48.Rd6 Ke5 49.Rd8 Kf4 50.Kb2 Kf3
51.c4 bxc4 52.bxc4 e3 53.Kc2 Kf2 54.Rf8+ Ke1 55.c5 Rc7 56.Rf5 e2 57.a4 a5
58.Kc1 Rc8 59.Kc2 Rc7 60.Kc1 Rc6 61.Kc2 Rc8 62.Kc1 Rd8 63.c6 Rd6 64.Rxa5 Rxc6+
65.Kb2 Re6  0-1

[Event "Tirnavia-C"]
[Site "Trnava"]
[Date "1988.??.??"]
[Round "7"]
[White "Lanka, Zigurds"]
[Black "Veselsky, Jozef"]
[Result "1-0"]
[WhiteElo "2390"]
[BlackElo "2200"]

1.e4 c5 2.Nf3 Nc6 3.d4 cxd4 4.Nxd4 Nf6 5.Nc3 d6 6.Bg5 e6 7.Qd2 Be7 8.O-O-O a6
9.f4 Nxd4 10.Qxd4 Qa5 11.e5 dxe5 12.fxe5 O-O 13.Bd3 Nd5 14.Bxe7 Nxe7 15.Rhe1 Ng6
16.Qg4 Nxe5 17.Bxh7+ Kxh7 18.Qh5+ Kg8 19.Rxe5 Qc7 20.Re4 Bd7 21.Rh4 f5 22.Ne4 Rac8
23.c3 fxe4 24.Qh8+ Kf7 25.Rf1+ Ke7 26.Qxg7+ Kd6 27.Rxf8 Qc4 28.Rh7 Rc7 29.Rf7 Bc8
30.Qf8+  1-0

[Event "Candidats (Women)"]
[Site "Tskhaltubo"]
[Date "1988.??.??"]
[Round "?"]
[White "Ioseliani, Nana"]
[Black "Levitina, Irina S"]
[Result "0-1"]
[WhiteElo "2455"]
[BlackElo "2355"]

1.e4 c5 2.Nf3 d6 3.d4 cxd4 4.Nxd4 Nf6 5.Nc3 Nc6 6.Bg5 e6 7.Qd2 a6 8.O-O-O h6
9.Be3 Nxd4 10.Bxd4 b5 11.f4 Be7 12.Be2 b4 13.Na4 Nxe4 14.Qe3 Nf6 15.Bf3 Rb8
16.Ba7 Bd7 17.Bxb8 Qxb8 18.Qb6 O-O 19.Qxa6 d5 20.g3 Bb5 21.Qa5 Nd7 22.Rhe1 Bxa4
23.Qxa4 Nc5 24.Qa5 Qb7 25.Be2 Ra8 26.Qb5 Qc7 27.Bf3 Rxa2 28.Kb1 Qa7 29.Kc1 Bf6
30.Qxb4 Rxb2 31.Qxb2 Bxb2+ 32.Kxb2 Qa5 33.Bg2 Qb4+ 34.Kc1 Qc3 35.Re2  0-1